00758cam a22002171 450000100090000000300040000900500170001300800410003001000170007102000150008802000220010304000180012508200200014324501070016326000600027030000360033050400510036665000410041771000440045874000380050214440406OSt20230605112954.0060706s1990 enk 000 0 eng  a 89048786  a0862329124 a0862329132 (pbk.) aDLCcDLCdDLC a333.79096bAFRI00aAfrican energy :bissues in planning and practice /cAfrican Energy Policy Research Network (AFREPEN). aLondon ;aAtlantic Highlands, N.J. :bZed Books,c1990. axviii, 157 p. :bill. ;c23 cm. aIncludes bibliographical references and index. 0aEnergy policyzAfricavCase studies.2 aAfrican Energy Policy Research Network.0 aAFREPREN African energy policies.